Statistiken für Ergebnisdiagramm der Fußball-Weltmeisterschaft 1938

Klicken Sie hier um das Quiz zu spielen!

Allgemein

  • Dieses Quiz wurde 45 mal gespielt
  • Das Durchschnittsergebnis liegt bei 10 aus 15

Antwortstatistiken

Nation % Korrekt
Brasilien
100%
Deutschland
100%
Italien
100%
Schweiz
96%
Frankreich
81%
Ungarn
81%
Polen
78%
Belgien
74%
Tschechoslowakei
74%
Schweden
67%
Niederlande
52%
Rumänien
52%
Norwegen
37%
Kuba
15%
Niederländisch-Indien
11%

Verteilung der Resultate

Perzentil nach korrekt beantworteten Fragen

Anzahl Personen mit jedem Resultat

Ihre Resultats-Entwicklung

Sie haben dieses Quiz noch nicht gespielt